Dictionary of the Holy Bible... (Record no. 6999)
[ view plain ]
| 000 -LEADER | |
|---|---|
| fixed length control field | 00714cam a2200229u 4500 |
| 001 - CONTROL NUMBER | |
| control field | 6729545 |
| 003 - CONTROL NUMBER IDENTIFIER | |
| control field | GBCCL |
| 005 - DATE AND TIME OF LATEST TRANSACTION | |
| control field | 20241126110617.0 |
| 008 - FIXED-LENGTH DATA ELEMENTS--GENERAL INFORMATION | |
| fixed length control field | 820430s1886 xx 000 0 eng |
| 010 ## - | |
| -- | unk81060915 |
| 040 ## - CATALOGING SOURCE | |
| Original cataloging agency | DLC |
| Transcribing agency | CarP |
| Modifying agency | DLC |
| 050 00 - | |
| -- | BS440 |
| -- | .R3 1886 |
| 082 ## - DEWEY DECIMAL CLASSIFICATION NUMBER | |
| Classification number | 220.3 |
| Item number | DIC |
| 100 1# - MAIN ENTRY--PERSONAL NAME | |
| Personal name | Rand, William W., [from old catalog] |
| Relator term | comp. |
| 9 (RLIN) | 12445 |
| 245 00 - TITLE STATEMENT | |
| Title | Dictionary of the Holy Bible... |
| 260 ## - PUBLICATION, DISTRIBUTION, ETC. | |
| Place of publication, distribution, etc. | N.Y., |
| Date of publication, distribution, etc. | 1886. |
| Name of publisher, distributor, etc. | American tract society, |
| 300 ## - PHYSICAL DESCRIPTION | |
| Extent | 1 v. |
| Other physical details | cm. |
| 530 ## - | |
| -- | Also available in digital form on the Internet Archive Web site. |
| 856 41 - ELECTRONIC LOCATION AND ACCESS | |
| Uniform Resource Identifier | <a href="http://hdl.loc.gov/loc.gdc/scd0001.00142408521">http://hdl.loc.gov/loc.gdc/scd0001.00142408521</a> |
| 906 ## - LOCAL DATA ELEMENT F, LDF (RLIN) | |
| a | 0 |
| b | cbc |
| c | premunv |
| d | u |
| e | ncip |
| f | 19 |
| g | y-gencatlg |
| 942 ## - ADDED ENTRY ELEMENTS (KOHA) | |
| Source of classification or shelving scheme | Dewey Decimal Classification |
| Koha item type | Reference Books |
| Withdrawn status | Lost status | Source of classification or shelving scheme | Damaged status | Not for loan | Home library | Current Library | Shelving location | Date acquired | Total checkouts | Full call number | Barcode | Date last seen | Copy number | Price effective from | Koha item type |
|---|---|---|---|---|---|---|---|---|---|---|---|---|---|---|---|
| Dewey Decimal Classification | GRACE BIBLE COLLEGE | GRACE BIBLE COLLEGE | Dictionary | 2018-07-05 | 220.3 DIC | 000070 | 2025-05-01 | c.1 | 2018-07-05 | Reference Books |